गुजरातः भारत की झाँकी / (Record no. 53389)

MARC details
000 -LEADER
fixed length control field 02367nam a22003137a 4500
005 - DATE AND TIME OF LATEST TRANSACTION
control field 20110629151032.0
010 ## - LCCN (DPL NO)
LC control number B-435708-712
020 ## - INTERNATIONAL STANDARD BOOK NUMBER
Terms of availability 15.00
International Standard Book Number 9788184790337
035 ## - SYSTEM CONTROL NUMBER
System control number B-435708-712
037 ## - SOURCE OF ACQUISITION
Source of stock number/acquisition ब्ल्यूबेरी बुक्स
082 ## - DEWEY DECIMAL CLASSIFICATION NUMBER
Classification number 954.43
100 ## - MAIN ENTRY--PERSONAL NAME
Personal name अभिषेक
245 ## - TITLE STATEMENT
Title गुजरातः भारत की झाँकी /
Statement of responsibility, etc अभिषेख ; भावना पंकज द्वारा अनुदित
246 ## - VARYING FORM OF TITLE
Title proper/short title Gujarat
Remainder of title by Abhisheikh
260 ## - PUBLICATION, DISTRIBUTION, ETC. (IMPRINT)
Place of publication, distribution, etc नई दिल्ली
Name of publisher, distributor, etc प्रथम बुक्स
Date of publication, distribution, etc 2008
270 ## - ADDRESS
Address बी-3/4, प्रथम तल, सफदरज़ंग एन्क्लेव
City नई दिल्ली
Postal code 110 029
Telephone number 011-65684113
Fax number
Electronic mail address www.prathambooks.org
300 ## - PHYSICAL DESCRIPTION
Extent अ.पृ.;
Dimensions 20सेमी (अजिल्द)
Other physical details सचित्र
490 ## - SERIES STATEMENT
Series statement
-- 31007
500 ## - GENERAL NOTE
General note
700 ## - ADDED ENTRY--PERSONAL NAME
Personal name
9 (RLIN) 28996
710 ## - ADDED ENTRY--CORPORATE NAME
Corporate name or jurisdiction name as entry element जोशी, मधुबाला
9 (RLIN) 28997
942 ## - ADDED ENTRY ELEMENTS (KOHA)
Source of classification or shelving scheme Dewey Decimal Classification
Item type Children Books
Call number suffix अभिषे
Classification part 954.43
Holdings
Withdrawn status Lost status Not for loan Collection code Home library Current library Date acquired Source of acquisition Cost, normal purchase price Full call number Barcode Copy number Cost, replacement price Koha item type
      Non-fiction Bawana Bawana 03/08/2011 ब्लयूबेरी /6364/25.3.2011/83/21.3.11/31.3.11 15.00 954.43 अभिषे B-435711 1 15.00 Children Books
  Written-off vide DLB M. No. 383 dt 16.05.19   Non-fiction Central Library Central Library 03/08/2011 ब्लयूबेरी /6364/25.3.2011/83/21.3.11/31.3.11 15.00 954.43 अभिषे B-435708 1 15.00 Children Books
      Non-fiction Patel Nagar Patel Nagar 03/08/2011 ब्लयूबेरी /6364/25.3.2011/83/21.3.11/31.3.11 15.00 954.43 अभिषे B-435709 1 15.00 Children Books
      Non-fiction Sarojini Nagar Sarojini Nagar 03/08/2011 ब्लयूबेरी /6364/25.3.2011/83/21.3.11/31.3.11 15.00 954.43 अभिषे B-435710 1 15.00 Children Books
  Lost and Paid For   Non-fiction Shahdara Branch Shahdara Branch 03/08/2011 ब्लयूबेरी /6364/25.3.2011/83/21.3.11/31.3.11 15.00 954.43 अभिषे B-435712 1 15.00 Children Books

© Delhi Public Library
Hit Counter
free hit counter